Organizácia a riadenie bankovníctva v ČSSR

Na minha lista:
Detalhes bibliográficos
Autor principal: Gallo, Pavol
Autor Corporativo: Vysoká škola ekonomická v Bratislave. Národohospodárska fakulta
Formato: Livro
Idioma:eslovaco
Publicado em: Bratislava VŠE 1982
Tags: Adicionar Tag
Sem tags, seja o primeiro a adicionar uma tag!

MARC

LEADER 00000nam a2200000 4500
001 c129253
005 20190107123450.2
041 0 |a slo 
044 |a SK 
245 1 0 |a Organizácia a riadenie bankovníctva v ČSSR  |c Pavol Gallo 
264 1 |a Bratislava  |b VŠE  |c 1982 
300 |a 259 s. 
100 1 |a Gallo, Pavol 
710 2 |a Vysoká škola ekonomická v Bratislave. Národohospodárska fakulta